ՀՀ Գիտությունների ազգային ակադեմիայի հիմնարար գիտական գրադարան  =   Fundamental Scientific Library of NAS RA

Hand function and the neocortex / (Record no. 203295)

MARC details
000 -LEADER
fixed length control field 01219cam a2200313 a 4500
001 - CONTROL NUMBER
control field 000609410
003 - CONTROL NUMBER IDENTIFIER
control field AM-YeHGA
005 - DATE AND TIME OF LATEST TRANSACTION
control field 20250617135558.0
008 - FIXED-LENGTH DATA ELEMENTS--GENERAL INFORMATION
fixed length control field 841029s1985 gw a b 101 0 eng d
020 ## - INTERNATIONAL STANDARD BOOK NUMBER
International Standard Book Number 0387139486 (U.S.)
040 ## - CATALOGING SOURCE
Original cataloging agency AM-YeHGA
041 0# - LANGUAGE CODE
Language code of text/sound track or separate title eng
060 00 - NATIONAL LIBRARY OF MEDICINE CALL NUMBER
Classification number W1 EX485B v.10 1983
-- WE 830 H2324 1983
090 ## - LOCALLY ASSIGNED LC-TYPE CALL NUMBER (OCLC); LOCAL CALL NUMBER (RLIN)
-- 204789
245 00 - TITLE STATEMENT
Title Hand function and the neocortex /
Statement of responsibility, etc. Ed. by A.W. Goodwin and I. Darian-Smith.
260 ## - PUBLICATION, DISTRIBUTION, ETC.
Place of publication, distribution, etc. Berlin ;
-- New York :
Name of publisher, distributor, etc. Springer-Verlag,
Date of publication, distribution, etc. 1985.
300 ## - PHYSICAL DESCRIPTION
Extent viii, 314 p. :
Other physical details ill. ;
Dimensions 25 cm.
440 #0 - SERIES STATEMENT/ADDED ENTRY--TITLE
Title Experimental brain research.
Name of part/section of a work Supplementum ;
Volume/sequential designation 10
500 ## - GENERAL NOTE
General note Summary of a Satellite Meeting of the 29th Congress of the International Union of Physiological Sciences, held in Melbourne, Aug. 24-26, 1983.
504 ## - BIBLIOGRAPHY, ETC. NOTE
Bibliography, etc. note Includes bibliographies and index.
650 #0 - SUBJECT ADDED ENTRY--TOPICAL TERM
Topical term or geographic name entry element Neocortex
General subdivision Congresses.
650 #0 - SUBJECT ADDED ENTRY--TOPICAL TERM
Topical term or geographic name entry element Hand
General subdivision Congresses.
650 #0 - SUBJECT ADDED ENTRY--TOPICAL TERM
Topical term or geographic name entry element Sensorimotor integration
General subdivision Congresses.
650 #2 - SUBJECT ADDED ENTRY--TOPICAL TERM
Topical term or geographic name entry element Cerebral Cortex
General subdivision physiology
-- congresses.
650 #2 - SUBJECT ADDED ENTRY--TOPICAL TERM
Topical term or geographic name entry element Hand
General subdivision physiology
-- congresses.
700 1# - ADDED ENTRY--PERSONAL NAME
Personal name Goodwin, A. W.
Relationship edt
700 2# - ADDED ENTRY--PERSONAL NAME
Personal name Darian-Smith, Ian
Relationship edt
711 2# - ADDED ENTRY--MEETING NAME
Meeting name or jurisdiction name as entry element International Congress of Physiological Sciences
Number of part/section/meeting (29th :
Date of meeting or treaty signing 1983 :
Location of meeting Sydney, N.S.W.)
Holdings
Withdrawn status Lost status Damaged status Not for loan Collection Home library Current library Date acquired Total checkouts Full call number Barcode Date last seen Price effective from Koha item type Public note
        Gulbenkian Individual Collection Fundamental Scientific Library Fundamental Scientific Library 28/12/2016   Gulb/6857 FL0078405 28/12/2016 28/12/2016 Գրքեր / Books ILL Non-Circ.


ՀՀ ԳԱԱ հիմնարար գիտական գրադարան
ՀՀ,Երևան 0019
Մարշալ Բաղրամյան 24/6
հեռախոս:(374-10) 52-47-50
Հետադարձ կապ

All site content, except where otherwise noted, is licensed under a
Creative Commons License